Autobiography of a Yogi / (Record no. 156105)

MARC details
000 -LEADER
fixed length control field 00548nam a22001817a 4500
005 - DATE AND TIME OF LATEST TRANSACTION
control field 20180820143011.0
010 ## - LCCN (DPL NO)
LC control number ENG-123739
020 ## - INTERNATIONAL STANDARD BOOK NUMBER
International Standard Book Number 9788170263913
Terms of availability 495.00
035 ## - SYSTEM CONTROL NUMBER
System control number EN-107271
037 ## - SOURCE OF ACQUISITION
Source of stock number/acquisition DBAD/PUB.
082 ## - DEWEY DECIMAL CLASSIFICATION NUMBER
Classification number 230.33
100 ## - MAIN ENTRY--PERSONAL NAME
Personal name Yogananda, Paramhansa
245 ## - TITLE STATEMENT
Title Autobiography of a Yogi /
Statement of responsibility, etc by Paramhansa Yogananda
260 ## - PUBLICATION, DISTRIBUTION, ETC. (IMPRINT)
Place of publication, distribution, etc New Delhi
Name of publisher, distributor, etc Heritage Publishers
Date of publication, distribution, etc 2018
270 ## - ADDRESS
Address 19-A, Ansari Road, Daryaganj,
City New Delhi
Postal code 110002
300 v# - PHYSICAL DESCRIPTION
Extent xi,410p.
Dimensions 21cm(Hb)
Other physical details ill.
942 ## - ADDED ENTRY ELEMENTS (KOHA)
Source of classification or shelving scheme Dewey Decimal Classification
Item type English Books
Call number suffix YOG
Classification part 230.33
Holdings
Withdrawn status Lost status Not for loan Collection code Home library Current library Date acquired Source of acquisition Cost, normal purchase price Full call number Barcode Copy number Cost, replacement price Koha item type
    Not For Loan Non-fiction D.B.Act.Division Bawana 20/08/2018 DBAD/PUB 495.00 230.33 YOG EN-107271 1 495.00 English Books

© Delhi Public Library
Hit Counter
free hit counter